Estetizácia a humanizácia pracovného prostredia v priemysle : Habilitačná práca /

Gespeichert in:
Bibliographische Detailangaben
1. Verfasser: Havaj, Juraj, 1939- (Verfasst von)
Format: Manuskript Buch
Sprache:Slowakisch
Veröffentlicht: Bratislava : FA SVŠT, máj 1980
Schlagworte:
Tags: Tag hinzufügen
Keine Tags, Fügen Sie das erste Tag hinzu!

MARC

LEADER 00000ntm a22000003a 4500
001 0112800
003 SK-STU
005 20241205154614.7
007 ta
008 241205s2024----xo-----f-mn---000-0-slo-d
040 |a STU  |b slo 
041 0 |a slo 
044 |a xo  |c SK 
100 1 |a Havaj, Juraj,  |d 1939-  |4 aut  |X 4209  |7 A000004209 
245 1 0 |a Estetizácia a humanizácia pracovného prostredia v priemysle :  |b Habilitačná práca /  |c aut. Juraj Havaj 
260 |a Bratislava :  |b FA SVŠT,  |c máj 1980 
300 |a 152 s. 
650 0 7 |a priemyselné budovy 
650 0 7 |a interiér 
650 0 7 |a farebnosť 
650 0 7 |a Farba v architektúre 
650 0 7 |a výtvarné umenie 
650 0 7 |a zeleň v plánovaní 
996 |b 284AU10109  |c A* 174/V  |l AAKNST  |s P  |a 0  |w 0112800_0001